00433nam a2200145 a 4500008004100000050001400041245005000055246007700105250001200182260002800194300002200222350000900244650001400253650002000267120416s1970 ||||||||||||||||| || u aHD 82 Cur10aEducational strategy for developing societies aa study of educational and social factors in relation to economic growth a2nd ed. aLondonbTavistockc1970 axxi, 180p. : ill. a0.00 0aECONOMICS aECONOMIC GROWTH